[Event "CRO-chT"]
[Site "Makarska"]
[Date "1994.??.??"]
[Round "4"]
[White "Zelcic, Robert"]
[Black "Samovojska, Damir"]
[Result "1-0"]
[WhiteElo "2460"]
[BlackElo "2340"]

1.e4 e6 2.d4 d5 3.Nc3 Nf6 4.e5 Ne4 5.Bd3 Nxc3 6.bxc3 c5 7.dxc5 Qc7 8.Bf4 Nc6
9.Nf3 Bxc5 10.O-O h6 11.Nd4 a6 12.Nb3 Ba3 13.Qg4 g5 14.Bd2 Bd7 15.Rae1 O-O-O
16.Qe2 f6 17.exf6 Bd6 18.c4 Bxh2+ 19.Kh1 Bd6 20.cxd5 exd5 21.Bc3 Rhf8 22.Nd4 Rde8
23.Qh5 Ne5 24.Nf5 Rxf6 25.Nxd6+ Qxd6 26.f4 d4 27.fxe5 Rxe5 28.Rxf6 Qxf6 29.Rxe5 Qxe5
30.Bd2 Qe6 31.a3 Bc6 32.Kg1 Kc7 33.Qe2 Qd5 34.Be1 Kb6 35.Qf2 Kc7 36.Bf1 Qe4
37.Qf7+ Kb6 38.Qb3+ Kc7 39.Bg3+ Kd7 40.Qf7+ Kd8 41.Qf6+ Kd7 42.Qd6+ Ke8 43.Qe5+ Kd7
44.Qd6+ Ke8 45.Qxh6 Qxc2 46.Qh8+ Kf7 47.Qxd4 Qc1 48.Qc4+ Qxc4 49.Bxc4+ Kf6
50.Kf2 Kf5 51.Bd3+ Ke6 52.Be2 b5 53.Bf3 Be8 54.Bc7 Kd7 55.Ba5  1-0

[Event "CRO-chT"]
[Site "Makarska"]
[Date "1994.??.??"]
[Round "9"]
[White "Tolnai, Tibor"]
[Black "Samovojska, Damir"]
[Result "0-1"]
[WhiteElo "2540"]
[BlackElo "2340"]

1.e4 e6 2.d4 d5 3.Nc3 Nf6 4.e5 Ne4 5.Nxe4 dxe4 6.Be3 c5 7.dxc5 Nd7 8.Qg4 Nxc5
9.Bb5+ Nd7 10.Ne2 Qa5+ 11.Nc3 a6 12.Bxd7+ Bxd7 13.Qxe4 Bc6 14.Qf4 Ba3 15.Bc1 Bxg2
16.Rg1 Bc6 17.Rxg7 O-O-O 18.Rg3 Bc5 19.Be3 Ba3 20.Bc1 Bc5 21.Rd3 Rhg8 22.Rg3 Bd4
23.Qxd4 Rxg3 24.Qxd8+ Kxd8 25.hxg3 Qxe5+ 26.Be3 Bf3 27.a4 h5 28.a5 Ke7 29.Ra4 Bc6
30.Rc4 Qxa5 31.b4 Qa1+ 32.Kd2 e5 33.Rh4 Bf3 34.Rc4 Kd7 35.Bb6 Bc6 36.Rh4 Qb2
37.Bc5 Bf3 38.b5 Bg4 39.bxa6 bxa6 40.Nd5 Qb5 41.Nf6+ Ke6 42.Nxg4 hxg4 43.Be3 f5
44.Rh6+ Kd5 45.Rb6 Qf1 46.Rb4 Qa1 47.c4+ Kc6 48.Rb6+ Kc7 49.c5 a5 50.Kc2 a4
51.Ra6 Qa2+ 52.Kc3 Qb3+ 53.Kd2 Qb4+ 54.Kd1 a3 55.Ra7+ Kb8  0-1

[Event "Mar del Plata op"]
[Site "Mar del Plata"]
[Date "1994.??.??"]
[Round "4"]
[White "Gomez Baillo, Jorge H"]
[Black "Mellano, Santiago"]
[Result "1-0"]
[WhiteElo "2415"]
[BlackElo "2300"]

1.e4 e6 2.d4 d5 3.Nc3 Nf6 4.e5 Nfd7 5.Nce2 c5 6.c3 b6 7.f4 Ba6 8.Nf3 Nc6
9.Be3 Be7 10.g3 g6 11.Bh3 b5 12.O-O b4 13.cxb4 cxb4 14.Rf2 Nb6 15.b3 Bb5
16.Nc1 a5 17.Nd3 Nd7 18.Rc1 Qb6 19.Nb2 Qb7 20.Rfc2 Rc8 21.Bf1 Bxf1 22.Qxf1 h5
23.h3 Na7 24.Qd3 Nb8 25.Rxc8+ Nxc8 26.Na4 Na6 27.Kg2 Na7 28.g4 Kd7 29.f5 gxf5
30.gxf5 Rc8 31.f6 Rxc1 32.Bxc1 Bf8 33.Ng5 Qb5 34.Qd1 Bh6 35.Qxh5 Kc6 36.Nxf7 Bxc1
37.Nd6 Qb8 38.Qe2 Nb5 39.Qc2+ Kd7 40.Nb6+ Kd8 41.Qc6  1-0

[Event "Melbourne"]
[Site "Melbourne"]
[Date "1994.??.??"]
[Round "5"]
[White "Chapman, Mark"]
[Black "Lukey, Stephen G"]
[Result "0-1"]
[WhiteElo "2360"]
[BlackElo "2285"]

1.e4 e6 2.d4 d5 3.Nc3 Nf6 4.e5 Nfd7 5.f4 c5 6.Nf3 Nc6 7.Be3 a6 8.Qd2 Be7
9.Be2 O-O 10.O-O b5 11.dxc5 Nxc5 12.Nd4 Nxd4 13.Bxd4 b4 14.Nd1 Ne4 15.Qe3 Qc7
16.Nf2 Nxf2 17.Rxf2 Qxc2 18.Bd3 Qa4 19.b3 Qe8 20.Qh3 g6 21.Rc1 f5 22.exf6 Bxf6
23.Rc7 Rf7 24.Rxf7 Qxf7 25.Be5 Bd7 26.Qe3 Qe7 27.h3 Bxe5 28.fxe5 a5 29.Rc2 Rc8
30.Qb6 Rxc2 31.Bxc2 Qh4 32.Qc7 Be8 33.Kh1 Bf7 34.Bd3 Kg7 35.Bb5 Qf4 36.Be8 g5
37.Bxf7 Qxf7 38.Qxa5 Qf1+ 39.Kh2 Qf4+ 40.Kg1 Qd4+ 41.Kh1 Qd1+ 42.Kh2 Qd4
43.Qc7+ Kg6 44.Qc2+ Kh6 45.Qe2 Qc3 46.g3 Kg6 47.g4 Qd4 48.Kg2 Kh6 49.Kh1 Qf4
50.Kg2 d4 51.Qf3 Kg6 52.Qxf4 gxf4 53.h4 h5 54.Kf3 d3 55.g5 Kf5 56.Kf2 Kxe5
57.Kf3 Kf5 58.Kf2 e5 59.Kf3 e4+ 60.Kf2 e3+ 61.Kf3 Kg6  0-1

[Event "Metz op"]
[Site "Metz"]
[Date "1994.??.??"]
[Round "1"]
[White "Mevel, Alberic"]
[Black "Schwartzman, Gabriel"]
[Result "0-1"]
[WhiteElo "2190"]
[BlackElo "2500"]

1.e4 e6 2.d4 d5 3.Nc3 Nf6 4.e5 Nfd7 5.Nce2 c5 6.c3 Nc6 7.Nf3 b5 8.Nf4 b4
9.Bd3 bxc3 10.bxc3 cxd4 11.cxd4 Bb4+ 12.Bd2 Qa5 13.O-O Bxd2 14.Nxd2 Nxd4
15.Nb3 Nxb3 16.axb3 Qb6 17.Re1 Bb7 18.Qg4 g6 19.Qh4 Nf8 20.Re3 h6 21.Ne2 Nd7
22.Rg3 Qc7 23.f4 Qd8 24.Qh3 Qb6+ 25.Kh1 Nc5 26.Bc2 Ne4 27.Bxe4 dxe4 28.Rc3 Rd8
29.Qe3 Qxe3 30.Rxe3 Rd3 31.Rxd3 exd3 32.Nc3 O-O 33.Rd1 Ba6 34.Kg1 Rb8 35.Ne4 Rxb3
36.Nc5 Ra3 37.Nxa6 Rxa6 38.Rxd3 Ra1+ 39.Kf2 a5 40.Rd8+ Kg7 41.g4 a4 42.Ra8 a3
43.h4 a2 44.Kg2 f5 45.exf6+ Kxf6 46.Ra7 h5 47.f5 exf5 48.gxh5 gxh5  0-1

[Event "Moscow ol (Women)"]
[Site "Moscow"]
[Date "1994.??.??"]
[Round "2"]
[White "Kondou, Eva"]
[Black "Villegas, Sandra"]
[Result "1-0"]
[WhiteElo "2230"]
[BlackElo "2065"]

1.e4 e6 2.d4 d5 3.Nc3 Nf6 4.e5 Nfd7 5.f4 c5 6.Nf3 Nc6 7.Be3 a6 8.Qd2 Be7
9.Bd3 b5 10.O-O g6 11.Qf2 b4 12.Nd1 Qb6 13.Kh1 c4 14.Be2 Qc7 15.Qg3 Nb6 16.Qh3 Bd7
17.Bf2 f6 18.exf6 Bxf6 19.Ne5 O-O 20.Nxd7 Qxd7 21.Bg4 Rae8 22.c3 Na8 23.Ne3 Nc7
24.Bh4 Bxh4 25.Qxh4 bxc3 26.bxc3 Nb5 27.Rac1 Ne7 28.Rfe1 Nf5 29.Qh3 Nbd6
30.Rc2 Nxe3 31.Qxe3 Ne4 32.Bf3 Nd6 33.g3 Rf7 34.Rb1 Rff8 35.Rcb2 Rf5 36.Qe2 Qc7
37.Bg4 Rf6 38.Qe5 Qe7 39.Bf3 Rf5 40.Qe3 Nb5 41.Rb4 Qd7 42.a4 Nc7 43.Bg4 a5
44.Rb7 Rf7 45.Qe5 h5 46.Bh3 Qe7 47.Rf1 h4 48.Rg1 hxg3 49.Rxg3 Rh7 50.Rxc7 Qxc7
51.Bxe6+ Rxe6 52.Qxe6+  1-0

[Event "Moscow ol (Men)"]
[Site "Moscow"]
[Date "1994.??.??"]
[Round "3"]
[White "Kassis, Antoine"]
[Black "Lukey, Stephen G"]
[Result "1-0"]
[WhiteElo "2205"]
[BlackElo "2285"]

1.e4 e6 2.d4 d5 3.Nc3 Nf6 4.e5 Nfd7 5.f4 c5 6.Nf3 Nc6 7.Be3 a6 8.Qd2 Be7
9.O-O-O O-O 10.h4 b5 11.dxc5 Nxc5 12.Nd4 Nxd4 13.Bxd4 b4 14.Ne2 Ne4 15.Qe3 a5
16.Ng3 Qc7 17.Nxe4 dxe4 18.Qxe4 Bb7 19.Qd3 Rfc8 20.Rd2 a4 21.b3 axb3 22.axb3 Qa5
23.Qb5 Qa3+ 24.Bb2 Bc6 25.Bxa3 bxa3 26.Qa6 Rxa6 27.Bxa6 Ra8 28.Bc4 a2 29.Kb2 Ba3+
30.Kc3 Bc5 31.Ra1 Be3 32.Re2 Bxf4 33.b4 Rc8 34.Kb3 Bb7 35.Bd3 f6 36.exf6 gxf6
37.Rxa2 Be5 38.c4 Rd8 39.Kc2 Bb8 40.Rxe6 Bxg2 41.Rxf6 Kg7 42.Re6 Bh3 43.Rb6 Rf8
44.Rb7+ Kg8 45.Ra8  1-0

[Event "Moscow ol (Women)"]
[Site "Moscow"]
[Date "1994.??.??"]
[Round "5"]
[White "Arakhamia, Ketevan"]
[Black "Maric, Mirjana"]
[Result "1-0"]
[WhiteElo "2450"]
[BlackElo "2255"]

1.e4 e6 2.d4 d5 3.Nc3 Nf6 4.e5 Nfd7 5.f4 c5 6.Nf3 Nc6 7.Be3 cxd4 8.Nxd4 Bc5
9.Qd2 Bxd4 10.Bxd4 Nxd4 11.Qxd4 Qb6 12.Qxb6 Nxb6 13.O-O-O Ke7 14.Bd3 Bd7
15.Ne2 Na4 16.Nd4 Nc5 17.Rhe1 g6 18.Re3 a6 19.Be2 h5 20.Bf3 Rac8 21.b3 Rc7
22.Kb2 Rhc8 23.g3 Rh8 24.a4 b6 25.h3 Rcc8 26.Ra1 Rcg8 27.a5 b5 28.b4 Nb7
29.Rc3 Rc8 30.Rxc8 Rxc8 31.Be2 Nd8 32.c3 Nc6 33.Nb3 Rh8 34.Re1 Bc8 35.Bf3 Rd8
36.Kc2 Rg8 37.Kd3 Rd8 38.Nd4 Nxd4 39.Kxd4 Bd7 40.g4 hxg4 41.hxg4 Rh8 42.Rh1 Rc8
43.Be2 Be8 44.Rh8 Rc7 45.Bd3 Rc6 46.Rh6 Kf8 47.f5 Kg7 48.Rh3 gxf5 49.gxf5 exf5
50.Bxf5 Kf8 51.Kxd5 Ke7 52.Kd4 Rc4+ 53.Kd3 Rc6 54.Rh7 Kd8 55.Rh8 Ke7 56.Be4 Re6
57.Kd4 f6 58.exf6+ Rxf6 59.Kc5 Kd7 60.Rh7+ Kc8 61.Rh8 Kd7 62.Bd5 Rg6 63.Rh7+ Kc8
64.Ra7 Bd7 65.Bb7+ Kb8 66.Rxa6 Rg3 67.Bd5 Rxc3+ 68.Kd6  1-0

[Event "Moscow ol (Men)"]
[Site "Moscow"]
[Date "1994.??.??"]
[Round "7"]
[White "Mokry, Karel"]
[Black "Schmidt, Wlodzimierz"]
[Result "1/2-1/2"]
[WhiteElo "2530"]
[BlackElo "2460"]

1.e4 e6 2.d4 d5 3.Nc3 Nf6 4.e5 Nfd7 5.f4 c5 6.Nf3 Nc6 7.Be3 a6 8.Qd2 b5 9.dxc5 Bxc5
10.Bxc5 Nxc5 11.Qf2 Qb6 12.Bd3 Rb8 13.O-O Na4 14.Nxa4 bxa4 15.Qxb6 Rxb6 16.b3 Ke7
17.Kf2 Bd7 18.Ke3 h5 19.g3 Rc8 20.Rfb1 Rcb8 21.Kd2 g6 22.c3 axb3 23.axb3 Rxb3
24.Rxb3 Rxb3 25.Kc2 Rb7 26.Rxa6 Rc7 27.Kd2 Rb7 28.Ra8 Rb2+ 29.Bc2 Rb7 30.Kc1 Rc7
31.Kd2 Rb7 32.h3 Rb2 33.Ng5 Rb7 34.Rh8 Nd8 35.Rh7 Kf8 36.Rh8+ Ke7 37.Nh7 Bc6
38.Nf6 Rb2 39.Kc1 Ra2 40.Kb1 Ra5 41.Bb3 Ra7 42.g4 hxg4 43.hxg4 Ra5 44.g5 Rc5
45.Kb2 Ra5 46.c4 dxc4 47.Bxc4 Ra4 48.Kc3 Ra1 49.Bd3 Ra4 50.Bc4  1/2-1/2

[Event "Moscow ol (Men)"]
[Site "Moscow"]
[Date "1994.??.??"]
[Round "9"]
[White "Rytshagov, Mikhail"]
[Black "Ruzele, Darius"]
[Result "1/2-1/2"]
[WhiteElo "2460"]
[BlackElo "2495"]

1.e4 e6 2.d4 d5 3.Nc3 Nf6 4.e5 Nfd7 5.f4 c5 6.Nf3 Nc6 7.Be3 Qb6 8.Na4 Qa5+
9.c3 c4 10.b4 Qc7 11.g3 Be7 12.Bh3 b6 13.O-O a5 14.b5 Nd8 15.f5 exf5 16.Bxf5 Nf8
17.Bxc8 Rxc8 18.Bg5 Ng6 19.Bxe7 Nxe7 20.Ng5 h6 21.Qh5 O-O 22.Nh3 Rb8 23.Nb2 a4
24.Nd1 Qd7 25.Rb1 Ne6 26.Ne3 Qe8 27.Rf6 Kh7 28.Rbf1 g6 29.Qf3 Kg7 30.Nxd5 Ng8
31.Nb4 Nxf6 32.Qxf6+ Kh7 33.d5 Nc7 34.Rf4 Nxd5 35.Nxd5 Qd7 36.Rh4 Qxd5 37.Ng5+ Kg8
38.Rxh6 Qd1+ 39.Kg2 Qc2+ 40.Kg1 Qd1+  1/2-1/2

[Event "Moscow ol (Men)"]
[Site "Moscow"]
[Date "1994.??.??"]
[Round "9"]
[White "Doghri, Nabil"]
[Black "Sierra, Miguel"]
[Result "1-0"]
[WhiteElo "2310"]
[BlackElo "2370"]

1.e4 e6 2.d4 d5 3.Nc3 Nf6 4.e5 Nfd7 5.Nce2 c5 6.c3 Nc6 7.f4 f6 8.Nf3 cxd4
9.Nexd4 Nc5 10.Be3 f5 11.g3 Ne4 12.Bh3 Bc5 13.O-O O-O 14.Qe2 Bd7 15.Rad1 Rc8
16.Kh1 b5 17.Nxb5 Bxe3 18.Qxe3 Rb8 19.c4 dxc4 20.Nd6 Nxd6 21.Rxd6 Rxb2 22.Rfd1 Qb6
23.Qxb6 axb6 24.Rxd7 c3 25.Rc1 c2 26.Rd2 Nb4 27.a3 Rc8 28.axb4 Rb1 29.Rxc2 Rxc1+
30.Rxc1 Rxc1+ 31.Kg2 Kf7 32.Kf2 Rb1 33.Nd4 Rxb4 34.Ke3 h6 35.Bf1 g5 36.Be2 g4
37.Ba6 Rb1 38.Bc4  1-0

[Event "Moscow ol (Women)"]
[Site "Moscow"]
[Date "1994.??.??"]
[Round "9"]
[White "Roschina, Tatiana"]
[Black "Maric, Mirjana"]
[Result "1-0"]
[WhiteElo "2180"]
[BlackElo "2255"]

1.e4 e6 2.d4 d5 3.Nc3 Nf6 4.e5 Nfd7 5.f4 c5 6.Nf3 Nc6 7.Be3 cxd4 8.Nxd4 Bc5
9.Qd2 a6 10.O-O-O Bxd4 11.Bxd4 b5 12.h4 O-O 13.Rh3 b4 14.Na4 Nxd4 15.Qxd4 Qa5
16.b3 Bb7 17.c3 bxc3 18.Rxc3 Rac8 19.Kb2 Rxc3 20.Qxc3 Qxc3+ 21.Nxc3 f6 22.exf6 Nxf6
23.g3 Nh5 24.Ne2 a5 25.Bh3 Re8 26.Nd4 Nxg3 27.Bxe6+ Kf8 28.f5 Nh5 29.Nb5 Rd8
30.Rc1 Re8 31.Nd6 Re7 32.Nxb7 Rxb7 33.Bxd5 Rb5 34.Be6 a4 35.Bd7 Rd5 36.Bxa4 Rxf5
37.Bc6 Nf4 38.Rd1 Rf6 39.Bb7 Ke7 40.a4 Rd6 41.Rg1 g6 42.a5 Nd3+ 43.Kc3 Nc5
44.Bh1 Ra6 45.b4 Nd7  1-0

[Event "Moscow ol (Men)"]
[Site "Moscow"]
[Date "1994.??.??"]
[Round "10"]
[White "Santo Roman, Marc"]
[Black "Zueger, Beat"]
[Result "1/2-1/2"]
[WhiteElo "2420"]
[BlackElo "2420"]

1.e4 e6 2.d4 d5 3.Nc3 Nf6 4.e5 Nfd7 5.f4 c5 6.Nf3 Nc6 7.Be3 cxd4 8.Nxd4 Qb6
9.Qd2 Qxb2 10.Rb1 Qa3 11.Bb5 Nxd4 12.Bxd4 Bb4 13.O-O a6 14.Rb3 Qa5 15.Rfb1 Ba3
16.Bxd7+ Bxd7 17.Qe3 Rc8 18.Rxb7 Rc4 19.f5 Bc8 20.fxe6 fxe6 21.Rxg7 Rxd4
22.Qg5 Qxc3 23.Qh5+ Kd8 24.Qg5+ Ke8 25.Qh5+  1/2-1/2

[Event "Moscow ol (Women)"]
[Site "Moscow"]
[Date "1994.??.??"]
[Round "12"]
[White "Arakhamia, Ketevan"]
[Black "Sedina, Elena"]
[Result "1/2-1/2"]
[WhiteElo "2450"]
[BlackElo "2335"]

1.e4 e6 2.d4 d5 3.Nc3 Nf6 4.e5 Nfd7 5.f4 c5 6.Nf3 Nc6 7.Be3 cxd4 8.Nxd4 Bc5
9.Qd2 O-O 10.O-O-O Qe7 11.h4 Nb6 12.Nxc6 bxc6 13.Bxc5 Qxc5 14.h5 Rb8 15.h6 g6
16.Rh3 Qe7 17.g4 f6 18.Qd4 c5 19.exf6 Qxf6 20.Qxf6 Rxf6 21.Ne2  1/2-1/2

[Event "Moscow ol (Women)"]
[Site "Moscow"]
[Date "1994.??.??"]
[Round "13"]
[White "Rause, Olita"]
[Black "Eidelson, Rakhil"]
[Result "0-1"]
[WhiteElo "2360"]
[BlackElo "2215"]

1.e4 e6 2.d4 d5 3.Nc3 Nf6 4.e5 Nfd7 5.f4 c5 6.Nf3 Nc6 7.Be3 cxd4 8.Nxd4 Qb6
9.Qd2 Qxb2 10.Rb1 Qa3 11.Bb5 Ndb8 12.O-O a6 13.Rb3 Qe7 14.Bxc6+ Nxc6 15.Nxc6 bxc6
16.Na4 Qc7 17.Bb6 Qd7 18.Nc5 Qe7 19.Qa5 Rb8 20.Nd3 Qd7 21.Rfb1 f6 22.Bd4 Rxb3
23.Rxb3 Be7 24.Nc5 Qd8 25.Qa4 O-O 26.Nxa6 fxe5 27.Bxe5 Bd6 28.h3 Bxe5 29.fxe5 Qg5
30.Qxc6 Qc1+ 31.Kh2 Qf4+ 32.Rg3 Qxe5  0-1

[Event "Moscow ol (Women)"]
[Site "Moscow"]
[Date "1994.??.??"]
[Round "14"]
[White "Brustman, Agnieszka"]
[Black "Repkova Eid, Eva"]
[Result "1-0"]
[WhiteElo "2375"]
[BlackElo "2265"]

1.e4 e6 2.d4 d5 3.Nc3 Nf6 4.e5 Nfd7 5.f4 c5 6.Nf3 Nc6 7.Be3 g5 8.Nxg5 cxd4
9.Nxe6 fxe6 10.Qh5+ Ke7 11.Bf2 Bg7 12.Bh4+ Nf6 13.exf6+ Bxf6 14.Bxf6+ Kxf6
15.Qg5+ Kf7 16.Qxd8 Rxd8 17.Ne2 Bd7 18.O-O-O Rg8 19.Nxd4 a6 20.g3 Rac8 21.Be2 Rc7
22.Nxc6 Bxc6 23.Rhe1 Ba4 24.Rd2 Rgc8 25.Bd3 Bb5 26.Bxb5 axb5 27.a3 Rc4 28.Re3 h5
29.Kd1 h4 30.Rde2 d4 31.Rd3 hxg3 32.hxg3 Rh8 33.b3 Rh1+ 34.Kd2 Rc7 35.Rxd4 Rg1
36.Rd3 Ra1 37.b4 Ra2 38.Kc1 Ra1+ 39.Kb2 Rg1 40.Rh2 Kg6 41.Re2 Kf6 42.Rd6 Re7
43.Re3 Kf5 44.Rd5+ Kf6 45.Rxb5 Rc7 46.a4 Rg2 47.Rc3 Rh7 48.a5 Rg1 49.Re3 Rc7
50.Rc3 Rd7 51.Rb6 Re1 52.g4 Rg1 53.f5 Rxg4 54.fxe6  1-0

[Event "NLD-chT9495"]
[Site "?"]
[Date "1994.??.??"]
[Round "6"]
[White "Van de Oudeweetering, Arthur"]
[Black "Vedder, Henk"]
[Result "0-1"]
[WhiteElo "2325"]
[BlackElo "2375"]

1.e4 e6 2.d4 d5 3.Nc3 Nf6 4.e5 Nfd7 5.Nf3 c5 6.Bb5 Nc6 7.O-O a6 8.Bxc6 bxc6
9.Ne2 a5 10.Ng3 Qb6 11.Re1 cxd4 12.Nxd4 Bc5 13.c3 O-O 14.Nh5 f5 15.Qd2 Bxd4
16.cxd4 Rf7 17.Nf4 Re7 18.b3 Re8 19.Re3 c5 20.Bb2 Ba6 21.Rg3 Nf8 22.dxc5 Qxc5
23.Rc1 Qb5 24.a4 Qb4 25.Rc7 g6 26.Bc3 Qxb3 27.h4 Rec8 28.Rxc8 Rxc8 29.Nh5 Rc4
30.Qg5 Rxc3 31.Qe7 Qd1+ 32.Kh2 Qxh5 33.Rxc3 Bc4 34.Rc1 Qe2 35.Qf6 Qb2 36.Rd1 Qb7
37.Qd8 Qb3 38.Rd4 Qb2 39.Rf4 Qxe5 40.g3 Qe2 41.h5 e5  0-1

[Event "Olot op"]
[Site "Olot"]
[Date "1994.??.??"]
[Round "?"]
[White "Vehi Bach, Victor Manuel"]
[Black "Picanol, Antonio"]
[Result "1/2-1/2"]
[WhiteElo "2455"]
[BlackElo "2255"]

1.e4 e6 2.d4 d5 3.Nc3 Nf6 4.e5 Nfd7 5.f4 c5 6.Nf3 Nc6 7.Be3 Qa5 8.Qd2 Rb8
9.dxc5 a6 10.O-O-O b6 11.cxb6 Nxb6 12.Nd4 Nxd4 13.Qxd4 Bd7 14.f5 Be7 15.Be2 g6
16.fxg6 hxg6 17.h4 Bb5 18.Nxb5 axb5 19.Bg5 Bxg5+ 20.hxg5 Rf8 21.Rh3 b4 22.Rb3 Nd7
23.a3 bxa3 24.Rxa3 Qc7 25.Re3 Ke7 26.Rf1 Rb6 27.Bd3 Qb8 28.b3 Rb4 29.c4 Rxb3
30.cxd5 Rc8+ 31.Kd1 Rb1+ 32.Ke2 Qb2+ 33.Qxb2 Rxb2+ 34.Kf3 exd5 35.Rfe1 Nf8
36.Rb1 Rcb8 37.Rxb2 Rxb2 38.Ba6 Ne6 39.Rd3 Nc5 40.Ra3 Rb3+ 41.Rxb3 Nxb3 42.Bc8 Nc5
43.Ke3 Ne6 44.Bb7 d4+ 45.Kd2 Nxg5 46.Kd3 Ke6 47.Kxd4 f6  1/2-1/2

[Event "Olot op"]
[Site "Olot"]
[Date "1994.??.??"]
[Round "?"]
[White "De la Riva Aguado, Oscar"]
[Black "Hoensch, Matthias"]
[Result "1/2-1/2"]
[WhiteElo "2420"]
[BlackElo "2325"]

1.e4 e6 2.d4 d5 3.Nc3 Nf6 4.e5 Nfd7 5.f4 c5 6.Nf3 Nc6 7.Be3 cxd4 8.Nxd4 Bc5
9.Qd2 a6 10.O-O-O Bxd4 11.Bxd4 b5 12.h4 Qa5 13.Kb1 Nxd4 14.Qxd4 b4 15.Ne2 Nc5
16.Nc1 Bd7 17.Rh3 Rc8 18.Nd3 Nxd3 19.Bxd3 Bb5 20.f5 Bc4 21.Bxc4 Rxc4 22.Qd2 Qc7
23.Re1 Rg4 24.Rf3 O-O 25.fxe6 fxe6 26.Rxf8+ Kxf8 27.Qe2 Qc4 28.Rf1+ Kg8 29.Qf2 h6
30.b3 Qe4 31.Re1 Qxg2 32.Qb6 Kh7 33.Qxe6 Qf2 34.Rc1 Rg1 35.Qxd5 Rxc1+ 36.Kxc1 Qe1+
37.Kb2 Qc3+ 38.Kc1 Qe1+ 39.Kb2 Qc3+ 40.Kc1  1/2-1/2

[Event "Oslo op"]
[Site "Oslo"]
[Date "1994.??.??"]
[Round "5"]
[White "Hodgson, Julian M"]
[Black "Bjerke, Richard"]
[Result "1-0"]
[WhiteElo "2570"]
[BlackElo "2255"]

1.d4 e6 2.e4 d5 3.Nc3 Nf6 4.e5 Nfd7 5.f4 c5 6.Nf3 Nc6 7.Be3 a6 8.Qd2 cxd4
9.Nxd4 Bc5 10.O-O-O Bxd4 11.Bxd4 b5 12.Bg1 Bb7 13.h4 b4 14.Na4 Qa5 15.b3 Rb8
16.Kb1 Ne7 17.Ba7 Ra8 18.Bd4 Nf5 19.Bf2 Bc6 20.Nb2 h5 21.Nd3 Rb8 22.Be2 g6
23.g4 Ng7 24.gxh5 Nxh5 25.f5 exf5 26.Bd4 Rg8 27.Bxh5 gxh5 28.Qh6 Rg6 29.Qxh5 Bb5
30.Nf4  1-0

[Event "Osterskan op"]
[Site "Osterskan"]
[Date "1994.??.??"]
[Round "?"]
[White "Raaste, Eero J"]
[Black "Kytoniemi, Jyrki"]
[Result "1/2-1/2"]
[WhiteElo "2350"]
[BlackElo "2290"]

1.e4 e6 2.d4 d5 3.Nc3 Nf6 4.e5 Nfd7 5.f4 c5 6.Nf3 Nc6 7.Be3 a6 8.Qd2 b5 9.h4 Qb6
10.h5 h6 11.Rh3 Bb7 12.f5 cxd4 13.Nxd4 Nxd4 14.Bxd4 Bc5 15.Bxc5 Nxc5 16.Qf4 O-O-O
17.b4 Ne4 18.Nxe4 dxe4 19.a4 bxa4 20.Rxa4 Qd4 21.Be2 exf5 22.Rha3 Qg1+ 23.Bf1 Qd4
24.Be2 Qg1+ 25.Bf1 Qd4  1/2-1/2

[Event "Pardubice op"]
[Site "Pardubice"]
[Date "1994.??.??"]
[Round "2"]
[White "Socko, Bartosz"]
[Black "Nikolenko, Oleg"]
[Result "0-1"]
[WhiteElo "2345"]
[BlackElo "2475"]

1.e4 e6 2.d4 d5 3.Nc3 Nf6 4.e5 Nfd7 5.Nce2 c5 6.c3 Nc6 7.f4 Qb6 8.Nf3 f6
9.g3 cxd4 10.cxd4 Bb4+ 11.Nc3 O-O 12.a3 Be7 13.Bd3 fxe5 14.dxe5 Ndxe5 15.fxe5 Nxe5
16.Be2 Nxf3+ 17.Bxf3 Bd7 18.Qe2 Rac8 19.Bf4 Rxf4 20.gxf4 Bh4+ 21.Kd1 d4 22.Be4 dxc3
23.b4 Bb5 24.Qc2 Qe3 25.Bxh7+ Kh8  0-1

[Event "Pardubice op"]
[Site "Pardubice"]
[Date "1994.??.??"]
[Round "8"]
[White "Votava, Jan"]
[Black "Nikolenko, Oleg"]
[Result "1/2-1/2"]
[WhiteElo "2400"]
[BlackElo "2475"]

1.e4 e6 2.d4 d5 3.Nc3 Nf6 4.e5 Nfd7 5.f4 c5 6.Nf3 Nc6 7.Ne2 Qb6 8.c3 f6 9.exf6 Nxf6
10.g3 Bd6 11.Bg2 O-O 12.O-O Bd7 13.Kh1 Rae8 14.Ne5 cxd4 15.Nxd7 Nxd7 16.Nxd4 Nf6
17.Qb3 Bc5 18.Qxb6 Bxb6 19.Nc2 e5 20.fxe5 Rxe5 21.Bf3 g5 22.Kg2 Rfe8 23.Kh1 Kg7
24.Bd2 g4 25.Bd1 h5 26.Bf4 R5e6 27.a3 Ne4 28.Kg2 Nc5 29.b4 Nd3 30.b5 Re2+
31.Bxe2 Rxe2+ 32.Kh1 Rxc2 33.bxc6 bxc6 34.a4 Nf2+ 35.Kg2 Nd3+ 36.Kh1 Kg6
37.a5 Bc5 38.Rab1 Nf2+ 39.Kg2 Nd3+ 40.Kh1 Rxc3 41.Rb8 Rc2 42.Rg8+ Kh7 43.Rc8 Bd4
44.Rf8 Nf2+ 45.Kg2 Nd3+ 46.Kh1 Kg6 47.Be3 Bxe3 48.R1f6+  1/2-1/2

[Event "POL-ch U20"]
[Site "?"]
[Date "1994.??.??"]
[Round "4"]
[White "Macieja, Bartlomiej"]
[Black "Kaminski, Marcin"]
[Result "1-0"]
[WhiteElo "2350"]
[BlackElo "2445"]

1.e4 e6 2.d4 d5 3.Nc3 Nf6 4.e5 Nfd7 5.f4 c5 6.Nf3 Nc6 7.Be3 cxd4 8.Nxd4 Bc5
9.Qd2 O-O 10.O-O-O a6 11.Qf2 Bxd4 12.Bxd4 b5 13.Bd3 b4 14.Na4 Nxd4 15.Qxd4 a5
16.f5 Qc7 17.Rhe1 Ba6 18.f6 Rfc8 19.Re2 Bxd3 20.Rxd3 Qc4 21.Qxc4 Rxc4 22.fxg7 Rac8
23.b3 Rh4 24.h3 Rh5 25.Rde3 Kxg7 26.Nb2 Nc5 27.g4 Rg5 28.Nd3 Ne4 29.Nf4 Nc3
30.Re1 Nxa2+ 31.Kb2 Nc3 32.Nh5+ Kf8 33.Nf6 Rg7 34.Rf1 Ke7 35.Ref3 Rf8 36.Ra1 a4
37.bxa4 Ra8 38.Kb3 Rg5 39.Re3 Ne4 40.Nxe4 Rxe5 41.Rae1 dxe4 42.Rxe4 Rc5 43.Rxb4 Rac8
44.c4 Kf6 45.Rc1 h5 46.Rb5 hxg4 47.Rxc5 Rxc5 48.hxg4 Rg5 49.Kb4 Rxg4 50.a5 Ke5
51.Kc5 Ke4 52.a6 Rg8 53.a7 Kd3 54.Kb6  1-0

[Event "Praha Mladi-B"]
[Site "Prague"]
[Date "1994.??.??"]
[Round "2"]
[White "Belaska, Premysl"]
[Black "Nikoladze, Sofia"]
[Result "1/2-1/2"]
[WhiteElo "2260"]
[BlackElo "2085"]

1.e4 e6 2.d4 d5 3.Nc3 Nf6 4.e5 Nfd7 5.f4 c5 6.Nf3 Nc6 7.Be3 Qb6 8.a3 cxd4
9.Nxd4 Bc5 10.Na4 Qa5+ 11.c3 Bxd4 12.Bxd4 Nxd4 13.Qxd4 O-O 14.Bd3 f6 15.O-O Qc7
16.exf6 Rxf6 17.c4 Nb6 18.Nxb6 Qxb6 19.c5 Qc7 20.b4 Bd7 21.g3 Raf8 22.Rfe1 Be8
23.Re5 Bf7 24.Kg2 Rc8 25.Rc1 Qd7 26.b5 Rc7 27.a4 Qc8 28.h4 Qf8 29.Rc3 Kh8
30.Re1 Qc8 31.Rec1 Be8 32.a5 Qd8 33.b6 Rcf7 34.a6 Bc6 35.Rb3 e5 36.fxe5 Rf2+
37.Kg1 R2f3 38.Bc2 bxa6 39.bxa7 Rxb3 40.Bxb3 Rxa7 41.Rd1 Rb7 42.Ba4 Bxa4
43.Qxa4 h6 44.Qa2 d4 45.Qc4 Rb5 46.c6 Rxe5 47.c7 Qc8 48.Rb1 Kh7 49.Rb8 Qf5
50.Qf1 Qg6 51.Rh8+ Kxh8 52.c8=Q+ Kh7 53.Kh2 d3 54.Qd7 Re3 55.Qff5 Rxg3 56.h5 Rg2+
57.Kh3 Rg3+ 58.Kh4 Rh3+ 59.Kxh3  1/2-1/2

[Event "Praha Mladi-B"]
[Site "Prague"]
[Date "1994.??.??"]
[Round "6"]
[White "Kolin, Julius"]
[Black "Sykora, Robert"]
[Result "1-0"]
[WhiteElo "2155"]
[BlackElo "2155"]

1.e4 e6 2.d4 d5 3.Nc3 Nf6 4.e5 Nfd7 5.f4 c5 6.Nf3 Nc6 7.Be3 a6 8.Qd2 b5 9.Be2 Qb6
10.Nd1 cxd4 11.Nxd4 Bc5 12.c3 Bxd4 13.cxd4 O-O 14.O-O f5 15.Rc1 Bb7 16.g4 g6
17.Kh1 Rac8 18.gxf5 exf5 19.Bf3 Na5 20.Nc3 Nc4 21.Qe2 Nxe3 22.Qxe3 Qe6 23.Rf2 Nf6
24.Rfc2 Ne4 25.Bd1 Rc4 26.b3 Rc6 27.Nxe4 Rxc2 28.Nf6+ Rxf6 29.Rxc2 Rf7 30.b4 g5
31.Bh5 Rg7 32.fxg5 Qe7 33.e6 Qxb4 34.Bf7+ Kf8 35.Rc7  1-0

[Event "Praha Mladi"]
[Site "Prague"]
[Date "1994.??.??"]
[Round "9"]
[White "Beuchler, Holger"]
[Black "Nishimura, Hiroyuki"]
[Result "0-1"]
[WhiteElo "2210"]
[BlackElo "2270"]

1.e4 e6 2.d4 d5 3.Nc3 Nf6 4.e5 Nfd7 5.f4 c5 6.Nf3 Nc6 7.Be3 Qb6 8.Na4 Qa5+
9.c3 c4 10.b4 Qc7 11.Be2 Be7 12.Qc2 b5 13.Nc5 a5 14.f5 Nxc5 15.bxc5 exf5
16.O-O h6 17.a3 O-O 18.Rab1 Rb8 19.Rb2 b4 20.axb4 axb4 21.cxb4 Rxb4 22.Rfb1 Rxb2
23.Qxb2 Be6 24.Qb7 Qxb7 25.Rxb7 Rb8 26.Rc7 Rc8 27.Rb7 Bd8 28.Nd2 f4 29.Bf2 Na5
30.Rb1 Bf5 31.Rc1 Nb3  0-1

[Event "Pula PCA op"]
[Site "Pula"]
[Date "1994.??.??"]
[Round "?"]
[White "Sax, Gyula"]
[Black "Doric, Nenad"]
[Result "1-0"]
[WhiteElo "2520"]
[BlackElo "2285"]

1.e4 e6 2.d4 d5 3.Nc3 Nf6 4.e5 Nfd7 5.Nce2 c5 6.c3 b5 7.f4 b4 8.cxb4 cxd4
9.a3 Nc6 10.Nf3 Ba6 11.Nexd4 Nxd4 12.Bxa6 Qb6 13.Nxd4 Qxa6 14.Be3 f6 15.Rc1 Rc8
16.Rxc8+ Qxc8 17.Nxe6 fxe5 18.Qxd5 exf4 19.Bxf4  1-0

[Event "Pula PCA op"]
[Site "Pula"]
[Date "1994.??.??"]
[Round "?"]
[White "Vadla, Zeljko"]
[Black "Samovojska, Damir"]
[Result "0-1"]
[WhiteElo "2245"]
[BlackElo "2340"]

1.e4 e6 2.d4 d5 3.Nc3 Nf6 4.e5 Ne4 5.Bd3 Nxc3 6.bxc3 c5 7.Nf3 Nc6 8.h4 Bd7
9.h5 cxd4 10.cxd4 Qa5+ 11.Bd2 Bb4 12.a3 Bxd2+ 13.Qxd2 Qxd2+ 14.Kxd2 h6 15.Rab1 Rb8
16.Ke3 Ke7 17.Rh4 Rhc8 18.Nd2 Na5 19.Rb4 a6 20.Rh1 Ra8 21.Rb6 Rc3 22.Ra1 Bb5
23.Ke2 Bxd3+ 24.cxd3 Rac8 25.Ra2 Kd7 26.g4 R8c6 27.Rbb2 Rc1 28.a4 Kc7 29.Rb1 R6c3
30.Rxc1 Rxc1 31.f4 Nc6 32.Nf3 Rh1 33.Ke3 b5 34.axb5 axb5 35.Ra8 b4 36.Nd2 Rh3+
37.Nf3 Rg3 38.g5 b3 39.Ra1 Rg2 40.gxh6 gxh6 41.Rb1 b2 42.Nd2 Rg3+ 43.Nf3 Nxd4
44.Kxd4 Rxf3 45.Rxb2 Rxf4+ 46.Kc5 Rf5 47.Ra2 Kd7 48.Ra7+ Ke8 49.Kd6 Kf8 50.Ra8+ Kg7
51.Ra4 Rxh5 52.Rf4 Kf8 53.d4 Rg5 54.Rf3 h5 55.Ra3 h4 56.Ra8+ Kg7 57.Ke7 Rg3
58.Ra1 Rf3 59.Rg1+ Kh6 60.Rg2 h3 61.Rg8 Kh5 62.Rg7 Kh4 63.Rg8 h2 64.Rg7 Rh3  0-1

[Event "Pula PCA op"]
[Site "Pula"]
[Date "1994.??.??"]
[Round "?"]
[White "Sax, Gyula"]
[Black "Kovacevic, Vlatko"]
[Result "1/2-1/2"]
[WhiteElo "2520"]
[BlackElo "2485"]

1.e4 e6 2.d4 d5 3.Nc3 Nf6 4.e5 Nfd7 5.Nce2 c5 6.c3 Nc6 7.f4 cxd4 8.cxd4 a5
9.Nf3 a4 10.Nc3 Nb6 11.Bd3 Bd7 12.O-O h5 13.Be3 Nb4 14.Be2 a3 15.b3 Nc8 16.Rc1 g6
17.Qd2 Na7 18.Ne1 Qa5 19.Nd3 Nxd3 20.Qxd3  1/2-1/2